Second home ownership (Record no. 118349)
[ view plain ]
| 000 -LEADER | |
|---|---|
| fixed length control field | 01273cam a2200241 4500 |
| 001 - CONTROL NUMBER | |
| control field | WB@3612-511 |
| 008 - FIXED-LENGTH DATA ELEMENTS--GENERAL INFORMATION | |
| fixed length control field | 041122n2004 000 0 eng u |
| 035 ## - SYSTEM CONTROL NUMBER | |
| System control number | (Sirsi) u128074 |
| 245 ## - TITLE STATEMENT | |
| Title | Second home ownership |
| 260 ## - PUBLICATION, DISTRIBUTION, ETC. | |
| Date of publication, distribution, etc. | 2004 |
| 490 ## - SERIES STATEMENT | |
| Series statement | Planning (for the Natural and Built Environment) |
| Volume/sequential designation | 19 November 2004, 4(1) |
| 490 ## - SERIES STATEMENT | |
| Series statement | Shelter Press Release |
| Volume/sequential designation | 16 November 2004 (2) |
| 520 ## - SUMMARY, ETC. | |
| Summary, etc. | Shelter has produced a report which claims that more affordable homes must be built in the countryside to safeguard rural life. "Priced out" reveals that ownership of second homes in rural areas has risen by 15% since 2003. Almost a quarter of council houses in the countryside have been sold off over the past 15 years, while house prices in rural areas have risen faster than in urban areas. The report calls for council tax on second homes to be doubled to reflect communities' loss of a scarce housing resource. The report can be found at: http://england.shelter.org.uk/home/home-624.cfm/pr essreleaselisting/1/pressrelease/120/. |
| 590 ## - LOCAL NOTE (RLIN) | |
| Local note | WB |
| 590 ## - LOCAL NOTE (RLIN) | |
| Local note | WB |
| 650 ## - SUBJECT ADDED ENTRY--TOPICAL TERM | |
| Topical term or geographic name entry element | Affordable housing |
| 9 (RLIN) | 6215 |
| 650 ## - SUBJECT ADDED ENTRY--TOPICAL TERM | |
| Topical term or geographic name entry element | SECOND HOMES |
| 650 ## - SUBJECT ADDED ENTRY--TOPICAL TERM | |
| Topical term or geographic name entry element | RURAL HOUSING |
| 650 ## - SUBJECT ADDED ENTRY--TOPICAL TERM | |
| Topical term or geographic name entry element | COUNCIL TAX |
| 650 ## - SUBJECT ADDED ENTRY--TOPICAL TERM | |
| Topical term or geographic name entry element | RURAL COMMUNITIES |
| 690 ## - LOCAL SUBJECT ADDED ENTRY--TOPICAL TERM (OCLC, RLIN) | |
| Topical term or geographic name as entry element | HOUSING-MARKET |
| 942 ## - ADDED ENTRY ELEMENTS (KOHA) | |
| Suppress in OPAC | 0 |
| Withdrawn status | Lost status | Source of classification or shelving scheme | Damaged status | Not for loan | Home library | Current library | Shelving location | Date acquired | Total Checkouts | Full call number | Barcode | Date last seen | Copy number | Price effective from | Koha item type |
|---|---|---|---|---|---|---|---|---|---|---|---|---|---|---|---|
| Dewey Decimal Classification | London | London | News article | 22/11/2004 | WB4045-11 | 128074-1001 | 06/08/2019 | 1 | 06/08/2019 | News article |